000 00516nam a2200193Ia 4500
005 20260120132136.0
008 008 260114s9999 xx 000 0 eng d
020 _a9781383035704
037 _aEBOOK
040 _aCRL
_beng
_cCRL
041 _aeng
_2eng
084 _qCRL
100 _aDavies, et al
_9935440
245 0 _aInfertility
260 _bOxford University PressOxford University Press
_c2023
856 _uhttps://academic.oup.com/book/50863
942 _cEBOOK
999 _c1527363
_d1527363